[Event "Merida World Heritage op 3rd"]
[Site "Merida"]
[Date "2023.08.02"]
[Round "5"]
[White "Salazar Romero, Abel"]
[Black "Figuero Toro, Julian Francisco"]
[Result "0-1"]
[WhiteElo "1877"]
[BlackElo "2211"]
[PlyCount "60"]
[EventDate "2023.07.31"]
[EventType "swiss"]
[EventRounds "9"]
[EventCountry "ESP"]
[SourceTitle "CBM 215 Extra"]
[Source "ChessBase"]
[SourceDate "2023.09.30"]
[SourceVersion "1"]
[SourceVersionDate "2023.09.30"]
[SourceQuality "1"]

1. d4 g6 2. c4 Bg7 3. g3 d6 4. Bg2 Nc6 5. Nf3 Bd7 6. Nc3 Qc8 7. 0-0 Bh3 8. d5 Ne5 9. Bxh3 Qxh3 10. Nxe5 Bxe5 11. Qa4+ Kf8 12. f4 Bxc3 13. bxc3 Nf6 14. Qc2 h5 15. f5 h4 16. Bf4 g5 17. Bxg5 hxg3 18. e3 Ng4 19. Qg2 gxh2+ 20. Kh1 Qxg2+ 21. Kxg2 Rg8 22. Bf4 Nxe3+ 23. Kxh2 Nxf1+ 24. Rxf1 f6 25. c5 Kf7 26. cxd6 cxd6 27. Be3 Rg7 28. Rf3 Rh8+ 29. Rh3 Rxh3+ 30. Kxh3 a6 0-1

[Event "Merida World Heritage op 3rd"]
[Site "Merida"]
[Date "2023.08.01"]
[Round "3"]
[White "Plazuelo Pascual, Juan"]
[Black "Figuero Toro, Julian Francisco"]
[Result "1-0"]
[WhiteElo "2465"]
[BlackElo "2211"]
[PlyCount "73"]
[EventDate "2023.07.31"]
[EventType "swiss"]
[EventRounds "9"]
[EventCountry "ESP"]
[SourceTitle "CBM 215 Extra"]
[Source "ChessBase"]
[SourceDate "2023.09.30"]
[SourceVersion "1"]
[SourceVersionDate "2023.09.30"]
[SourceQuality "1"]

1. d4 g6 2. e4 Bg7 3. Nc3 c5 4. dxc5 Bxc3+ 5. bxc3 Qa5 6. Qd4 Nf6 7. Qb4 Nc6 8. Qxa5 Nxa5 9. Bd3 b6 10. cxb6 axb6 11. Bg5 d6 12. Bxf6 exf6 13. Ne2 0-0 14. Kd2 Be6 15. Rhb1 d5 16. exd5 Bxd5 17. Rxb6 Nc4+ 18. Bxc4 Bxc4 19. a4 Bxe2 20. Kxe2 Rac8 21. a5 Rxc3 22. Kd2 Rfc8 23. Ra2 R3c7 24. Rxf6 Rd7+ 25. Kc1 Kf8 26. a6 Ke7 27. Rb6 Rcc7 28. Ra3 Ra7 29. h4 h5 30. Kb2 Rd6 31. Rb7+ Rd7 32. Rxa7 Rxa7 33. Kb3 Kd6 34. Kb4 Kc7 35. Kc5 Kb8 36. Kb6 Re7 37. Re3 1-0

[Event "Merida World Heritage op 1st"]
[Site "Merida"]
[Date "2021.08.05"]
[Round "2"]
[White "Figuero Toro, Julian Francisco"]
[Black "Lopez de Turiso, Jose Angel"]
[Result "1-0"]
[WhiteElo "2221"]
[BlackElo "1943"]
[PlyCount "99"]
[EventDate "2021.08.04"]
[EventType "swiss"]
[EventRounds "9"]
[EventCountry "ESP"]
[SourceTitle "EXT 2023"]
[Source "ChessBase"]
[SourceDate "2022.10.05"]
[SourceVersion "1"]
[SourceVersionDate "2022.10.05"]
[SourceQuality "1"]

1. e4 e6 2. d4 d5 3. Nc3 dxe4 4. Nxe4 Nd7 5. Nf3 Ngf6 6. Bd3 Nxe4 7. Bxe4 Nf6 8. Bg5 h6 9. Bxf6 Qxf6 10. Qe2 Rb8 11. 0-0-0 Bd6 12. Kb1 0-0 13. h4 b5 14. g4 Bb7 15. g5 Qf4 16. Bxb7 Rxb7 17. gxh6 Qxh6 18. Ng5 c6 19. Qe4 Rc7 20. f4 Rd8 21. f5 exf5 22. Qxf5 Bf8 23. Rhf1 Qh5 24. Qe4 a6 25. a3 f6 26. Nf3 Qd5 27. Qg6 b4 28. axb4 Bxb4 29. Rd3 Rb8 30. Re3 Bf8 31. b3 Rcb7 32. Qd3 a5 33. Nd2 a4 34. Qe4 Qxe4 35. Rxe4 Bb4 36. Nc4 axb3 37. cxb3 Rd7 38. Rg4 Kh7 39. h5 Be7 40. Kc2 Rb5 41. h6 gxh6 42. Ne3 Rg5 43. Rh4 Kg6 44. Rf2 h5 45. Re4 Bd6 46. Re6 Be7 47. Nc4 Rf5 48. Ne5+ Kg5 49. Rg2+ Kf4 50. Nxd7 1-0

[Event "POR-chT"]
[Site "Peniche"]
[Date "2021.07.22"]
[Round "5.5"]
[White "Sadhwani, Raunak"]
[Black "Figuero Toro, Julian Francisco"]
[Result "1-0"]
[WhiteElo "2555"]
[BlackElo "2237"]
[PlyCount "73"]
[EventDate "2021.07.19"]
[EventType "team-tourn"]
[EventRounds "9"]
[EventCountry "POR"]
[SourceTitle "CBM 203 Extra"]
[Source "ChessBase"]
[SourceDate "2021.09.30"]
[SourceVersion "1"]
[SourceVersionDate "2021.09.30"]
[SourceQuality "1"]
[WhiteTeam "Gaia"]
[BlackTeam "Montemor o Velho"]
[WhiteTeamCountry "POR"]
[BlackTeamCountry "POR"]

1. e4 g6 2. d4 Bg7 3. Nc3 c5 4. dxc5 Bxc3+ 5. bxc3 Qa5 6. Qd4 Nf6 7. Qb4 Nc6 8. Qxa5 Nxa5 9. Bd3 0-0 10. Be3 b6 11. cxb6 axb6 12. Bxb6 d5 13. e5 Nd7 14. Bd4 Ba6 15. Nf3 Rfc8 16. 0-0 Nc5 17. Rfd1 e6 18. Rab1 Na4 19. Rb4 Nxc3 20. Bxc3 Rxc3 21. Ra4 Nc4 22. Rb1 Ra3 23. Rbb4 Bc8 24. Rxa3 Nxa3 25. Nd4 Bd7 26. f4 h5 27. Kf2 Nc4 28. Bxc4 dxc4 29. Rxc4 Rxa2 30. Rc7 Be8 31. Kg3 Ra4 32. c3 Ra2 33. h3 Kf8 34. Nf3 Ra6 35. Ng5 Rc6 36. Nh7+ Kg7 37. Nf6 1-0

[Event "Ferreira do Alentejo 2nd"]
[Site "Ferreira do Alentejo"]
[Date "2019.12.19"]
[Round "4"]
[White "Figuero Toro, Julian Francisco"]
[Black "Ramos, Alvaro Manuel Nobre"]
[Result "1-0"]
[WhiteElo "2240"]
[BlackElo "1868"]
[PlyCount "57"]
[EventDate "2019.12.17"]
[EventType "swiss"]
[EventRounds "9"]
[EventCountry "POR"]
[SourceTitle "CBM 193 Extra"]
[Source "ChessBase"]
[SourceDate "2020.01.31"]
[SourceVersion "1"]
[SourceVersionDate "2020.01.31"]
[SourceQuality "1"]

1. c4 Nf6 2. Nc3 g6 3. e4 d6 4. d4 Bg7 5. Be2 0-0 6. Be3 Nbd7 7. g4 h6 8. h4 c5 9. g5 hxg5 10. hxg5 Nh7 11. d5 f6 12. gxf6 Nhxf6 13. Qd2 Rf7 14. Nh3 Nh7 15. 0-0-0 Ndf8 16. Rdg1 Bxh3 17. Rxh3 Qe8 18. Bg4 Rf6 19. Rgh1 Qf7 20. e5 dxe5 21. Ne4 Ra6 22. Nxc5 Rxa2 23. Kb1 Nf6 24. Be6 Nxe6 25. dxe6 Rxb2+ 26. Qxb2 Qe8 27. Bh6 Qc6 28. Bxg7 Kxg7 29. Qxe5 1-0

[Event "ESP-chT CECLUB Div2"]
[Site "Linares"]
[Date "2019.08.20"]
[Round "3.6"]
[White "Figuero Toro, Julian Francisco"]
[Black "Garriga Cazorla, Pere"]
[Result "0-1"]
[WhiteElo "2268"]
[BlackElo "2495"]
[PlyCount "68"]
[EventDate "2019.08.19"]
[EventType "team-swiss"]
[EventRounds "7"]
[EventCountry "ESP"]
[SourceTitle "EXT 2020"]
[Source "ChessBase"]
[SourceDate "2019.10.17"]
[SourceVersion "1"]
[SourceVersionDate "2019.10.17"]
[SourceQuality "1"]
[WhiteTeam "Casareno iAcere"]
[BlackTeam "Mollet"]
[WhiteTeamCountry "ESP"]
[BlackTeamCountry "ESP"]

1. d4 Nf6 2. Bf4 c5 3. e3 Nd5 4. Bg3 Qb6 5. b3 e6 6. c3 Qa5 7. Qd2 Nf6 8. Bd3 d5 9. Qc2 Nc6 10. Nf3 Nh5 11. Be5 cxd4 12. g4 Nf6 13. Bxf6 gxf6 14. exd4 h5 15. gxh5 e5 16. Be2 e4 17. Nfd2 Be6 18. b4 Qc7 19. Na3 Bh6 20. b5 Ne7 21. b6 axb6 22. Nb5 Qf4 23. 0-0-0 0-0 24. Kb2 Qxf2 25. Rde1 f5 26. Qd1 Kh8 27. Ref1 Qe3 28. Nb3 Rac8 29. Rhg1 Rg8 30. Re1 Qh3 31. Nc1 Bd7 32. Qb3 Rxg1 33. Rxg1 Qxh2 34. Rf1 Bxc1+ 0-1

[Event "ESP-chT CECLUB Div2"]
[Site "Linares"]
[Date "2018.08.18"]
[Round "7.4"]
[White "Jimenez Martinez, Jose Vicente"]
[Black "Figuero Toro, Julian Francisco"]
[Result "1-0"]
[WhiteElo "2243"]
[BlackElo "2263"]
[PlyCount "59"]
[EventDate "2018.08.14"]
[EventType "team-swiss"]
[EventRounds "7"]
[EventCountry "ESP"]
[SourceTitle "CBM 186 Extra"]
[Source "ChessBase"]
[SourceDate "2018.08.24"]
[SourceVersion "1"]
[SourceVersionDate "2018.08.24"]
[SourceQuality "1"]
[WhiteTeam "Albacete Excalibur"]
[BlackTeam "Casareno iAcere"]
[WhiteTeamCountry "ESP"]
[BlackTeamCountry "ESP"]

1. d4 d5 2. c4 e6 3. Nf3 Nf6 4. Nc3 c6 5. Bg5 dxc4 6. e4 b5 7. e5 h6 8. Bh4 g5 9. Nxg5 hxg5 10. Bxg5 Nbd7 11. g3 Qb6 12. exf6 c5 13. Bg2 Bb7 14. d5 0-0-0 15. 0-0 b4 16. Rb1 Qa6 17. dxe6 Bxg2 18. e7 Bxf1 19. Qd5 Re8 20. Ne4 Bh6 21. Bxh6 Bh3 22. Bf4 Nxf6 23. Nxf6 Qxf6 24. Qa8+ Kd7 25. Qb7+ Ke6 26. Qe4+ Kd7 27. Rd1+ Qd4 28. Rxd4+ cxd4 29. Qd5+ Kxe7 30. Qd6# 1-0

[Event "La Roda op 45th"]
[Site "La Roda"]
[Date "2018.03.31"]
[Round "6"]
[White "Perez Pastora, Evaristo"]
[Black "Figuero Toro, Julian Francisco"]
[Result "1/2-1/2"]
[WhiteElo "2114"]
[BlackElo "2309"]
[PlyCount "130"]
[EventDate "2018.03.28"]
[EventType "swiss"]
[EventRounds "9"]
[EventCountry "ESP"]
[SourceTitle "CBM 183 Extra"]
[Source "ChessBase"]
[SourceDate "2018.04.19"]
[SourceVersion "1"]
[SourceVersionDate "2018.04.19"]
[SourceQuality "1"]

1. e4 e5 2. Nf3 Nc6 3. Bb5 a6 4. Ba4 Nf6 5. d4 exd4 6. 0-0 Be7 7. e5 Ne4 8. Nxd4 0-0 9. Nf5 d5 10. exd6 Bxf5 11. dxe7 Nxe7 12. Qf3 Nc5 13. Bb3 Nxb3 14. cxb3 Qd5 15. Qg3 Bxb1 16. Rxb1 c6 17. Qc7 Qe6 18. Bd2 Nd5 19. Qg3 Rfe8 20. Rfe1 Qd7 21. Bc3 f6 22. Rbd1 Qf5 23. Kf1 h5 24. Qd3 Rxe1+ 25. Bxe1 Qe5 26. g3 h4 27. Bc3 Qh5 28. Qe2 Qf5 29. Re1 hxg3 30. hxg3 Kf7 31. Qe4 Qh3+ 32. Qg2 Qd7 33. Qe4 Rd8 34. b4 Qh3+ 35. Kg1 Qd7 36. Kg2 Rh8 37. Kg1 Rh5 38. Bd4 Rh8 39. Bc3 Nc7 40. Qc4+ Qd5 41. Qxd5+ Nxd5 42. Kg2 Rd8 43. a4 Nb6 44. a5 Nd5 45. Kf3 Nc7 46. Re2 Rd5 47. Ke4 Ke6 48. Rd2 Rb5 49. Kd4 Rg5 50. Re2+ Kd6 51. Bd2 Ne6+ 52. Rxe6+ Kxe6 53. Bxg5 fxg5 54. Kc5 Kd7 55. Kb6 Kc8 56. Ka7 Kc7 57. g4 Kc8 58. Ka8 Kc7 59. Ka7 Kc8 60. f3 Kc7 61. Ka8 Kc8 62. Ka7 Kc7 63. Ka8 Kc8 64. Ka7 Kc7 65. Ka8 Kc8 1/2-1/2

[Event "La Roda op 44th"]
[Site "La Roda"]
[Date "2017.04.16"]
[Round "8"]
[White "Figuero Toro, Julian Francisco"]
[Black "Campora, Daniel Hugo"]
[Result "1/2-1/2"]
[WhiteElo "2259"]
[BlackElo "2439"]
[PlyCount "73"]
[EventDate "2017.04.12"]
[EventType "swiss"]
[EventRounds "9"]
[EventCountry "ESP"]
[SourceTitle "CBM 177 Extra"]
[Source "ChessBase"]
[SourceDate "2017.04.27"]
[SourceVersion "1"]
[SourceVersionDate "2017.04.27"]
[SourceQuality "1"]

1. g3 d5 2. c4 d4 3. Bg2 e5 4. d3 Nf6 5. Nf3 Nc6 6. 0-0 Bd6 7. Na3 0-0 8. Nc2 Re8 9. a3 a5 10. b3 h6 11. Rb1 Bg4 12. Nd2 Qd7 13. b4 axb4 14. axb4 Bh3 15. Ne4 Be7 16. Nxf6+ Bxf6 17. e4 dxe3 18. Nxe3 Bxg2 19. Kxg2 Nd4 20. Nd5 Bd8 21. Bb2 c6 22. Bxd4 exd4 23. Nf4 Bg5 24. Qf3 Ra2 25. b5 Re3 26. bxc6 bxc6 27. Qh5 Bxf4 28. gxf4 Kh7 29. Rb8 Re6 30. Kh1 Rg6 31. Qf3 Qf5 32. Re8 Ra3 33. Re4 c5 34. Rg1 Rxg1+ 35. Kxg1 Qg6+ 36. Kf1 Qb6 37. Re1 1/2-1/2

[Event "La Roda op 44th"]
[Site "La Roda"]
[Date "2017.04.13"]
[Round "3"]
[White "Figuero Toro, Julian Francisco"]
[Black "Espinosa Aranda, Angel"]
[Result "0-1"]
[WhiteElo "2259"]
[BlackElo "2446"]
[PlyCount "154"]
[EventDate "2017.04.12"]
[EventType "swiss"]
[EventRounds "9"]
[EventCountry "ESP"]
[SourceTitle "CBM 177 Extra"]
[Source "ChessBase"]
[SourceDate "2017.04.27"]
[SourceVersion "1"]
[SourceVersionDate "2017.04.27"]
[SourceQuality "1"]

1. c4 c5 2. g3 Nc6 3. Bg2 g6 4. Nc3 Bg7 5. Nf3 d6 6. a3 Nf6 7. 0-0 0-0 8. Rb1 Bf5 9. d3 Qd7 10. Ng5 h6 11. Nge4 Nxe4 12. Nxe4 Bh3 13. Bxh3 Qxh3 14. f3 Qd7 15. b4 f5 16. Nf2 b6 17. Kg2 e5 18. h3 Rae8 19. b5 Nd4 20. a4 Qb7 21. e3 Ne6 22. Bb2 f4 23. exf4 exf4 24. g4 Bxb2 25. Rxb2 Nd4 26. Ne4 Re6 27. Kh1 d5 28. cxd5 Qxd5 29. Qc1 Kg7 30. Kg2 Qd8 31. Qd2 Qh4 32. Qf2 Qxf2+ 33. Kxf2 Rd8 34. a5 g5 35. Ra1 Nxf3 36. axb6 axb6 37. Nxc5 bxc5 38. Kxf3 Rxd3+ 39. Kg2 Rg3+ 40. Kh2 Ree3 41. Raa2 Rxh3+ 42. Kg2 Reg3+ 43. Kf2 Rb3 44. Kg2 Rxb2+ 45. Rxb2 Re3 46. b6 Re8 47. b7 Rb8 48. Kf3 c4 49. Rb6 c3 50. Ke2 c2 51. Kd2 f3 52. Rc6 Rxb7 53. Ke3 Rf7 54. Rxc2 Rf4 55. Kf2 Rxg4 56. Kxf3 Rf4+ 57. Kg3 Kg6 58. Ra2 h5 59. Ra6+ Rf6 60. Ra4 Rb6 61. Ra3 h4+ 62. Kh3 Kh5 63. Ra4 g4+ 64. Kg2 Rb2+ 65. Kh1 h3 66. Rc4 Kh4 67. Ra4 Re2 68. Rb4 Kg3 69. Rb3+ Kf4 70. Rb4+ Kf3 71. Rb3+ Re3 72. Rb1 g3 73. Rf1+ Ke2 74. Rf8 Rf3 75. Re8+ Kf1 76. Rg8 g2+ 77. Kh2 Rf2 0-1

[Event "La Roda op 43rd"]
[Site "La Roda"]
[Date "2016.03.25"]
[Round "5"]
[White "Figuero Toro, Julian Francisco"]
[Black "Campora, Daniel Hugo"]
[Result "0-1"]
[WhiteElo "2230"]
[BlackElo "2449"]
[PlyCount "52"]
[EventDate "2016.03.23"]
[EventType "swiss"]
[EventRounds "9"]
[EventCountry "ESP"]
[SourceTitle "CBM 171 Extra"]
[Source "ChessBase"]
[SourceDate "2016.04.26"]
[SourceVersion "1"]
[SourceVersionDate "2016.04.26"]
[SourceQuality "1"]

1. c4 e5 2. g3 f5 3. d4 e4 4. Nc3 Nf6 5. Bg5 d6 6. Nh3 c6 7. Nf4 Be7 8. Bg2 0-0 9. 0-0 Ng4 10. Bxe7 Qxe7 11. Qc1 g5 12. Nh3 h6 13. f3 exf3 14. exf3 Qe3+ 15. Nf2 Qxc1 16. Rfxc1 Ne3 17. b3 Nd7 18. Nd3 Nf6 19. Kf2 Nxg2 20. Kxg2 Be6 21. Re1 Rae8 22. Re2 Bf7 23. Rae1 Rxe2+ 24. Rxe2 Re8 25. Rxe8+ Nxe8 26. f4 Kg7 0-1

[Event "POR-chT"]
[Site "Porto"]
[Date "2015.08.18"]
[Round "4.2"]
[White "Ftacnik, Lubomir"]
[Black "Figuero Toro, Julian Francisco"]
[Result "1-0"]
[WhiteElo "2555"]
[BlackElo "2204"]
[PlyCount "89"]
[EventDate "2015.08.16"]
[EventType "team-tourn"]
[EventRounds "9"]
[EventCountry "POR"]
[SourceTitle "EXT 2016"]
[Source "ChessBase"]
[SourceDate "2015.10.08"]
[SourceVersion "1"]
[SourceVersionDate "2015.10.08"]
[SourceQuality "1"]
[WhiteTeam "Gaia"]
[BlackTeam "Montemor o Velho"]
[WhiteTeamCountry "POR"]
[BlackTeamCountry "POR"]

1. Nf3 c5 2. c4 g6 3. d4 cxd4 4. Nxd4 Bg7 5. e4 Nc6 6. Be3 Nf6 7. Nc3 d6 8. Be2 0-0 9. 0-0 Bd7 10. Nc2 a6 11. f3 Rb8 12. Qd2 Ne5 13. a4 Rc8 14. b3 a5 15. Rad1 Bc6 16. Nd4 Ned7 17. g4 Nc5 18. e5 Nfd7 19. exd6 exd6 20. Ncb5 Be5 21. Nxc6 Rxc6 22. f4 Bg7 23. Bf3 Nxb3 24. Qc2 Ndc5 25. Bxc6 bxc6 26. Nxd6 Qh4 27. g5 Qg4+ 28. Kh1 Qh3 29. Bxc5 Nxc5 30. Ne4 Bd4 31. Qg2 Qxg2+ 32. Kxg2 Ne6 33. f5 gxf5 34. Rxf5 Rb8 35. Rxa5 Rb3 36. Rf5 Re3 37. Ng3 Rb3 38. Rdf1 Rb2+ 39. Kh1 Rb7 40. Ra5 c5 41. Nf5 Be5 42. Ra8+ Bb8 43. Nh6+ Kg7 44. Rxf7+ Rxf7 45. Nxf7 1-0

[Event "POR-chT"]
[Site "Porto"]
[Date "2015.08.17"]
[Round "3.4"]
[White "Figuero Toro, Julian Francisco"]
[Black "Sousa, Andre Ventura"]
[Result "0-1"]
[WhiteElo "2204"]
[BlackElo "2266"]
[PlyCount "64"]
[EventDate "2015.08.16"]
[EventType "team-tourn"]
[EventRounds "9"]
[EventCountry "POR"]
[SourceTitle "EXT 2016"]
[Source "ChessBase"]
[SourceDate "2015.10.08"]
[SourceVersion "1"]
[SourceVersionDate "2015.10.08"]
[SourceQuality "1"]
[WhiteTeam "Montemor o Velho"]
[BlackTeam "Porto"]
[WhiteTeamCountry "POR"]
[BlackTeamCountry "POR"]

1. e4 c5 2. Nc3 Nc6 3. Bb5 Nd4 4. Bc4 e6 5. Nge2 Ne7 6. 0-0 Nec6 7. a3 a6 8. Ba2 b5 9. Nxd4 cxd4 10. Ne2 Bb7 11. d3 Rc8 12. f4 g6 13. f5 gxf5 14. exf5 Rg8 15. Ng3 Ne7 16. fxe6 dxe6 17. Qh5 Rg6 18. Rf2 Ng8 19. Qxh7 Nf6 20. Qh3 Ng4 21. Re2 Qf6 22. Bd2 Ne3 23. Bxe3 dxe3 24. Rf1 Qxb2 25. Bb3 Qd4 26. Qh7 Qg7 27. Qh3 Rh6 28. Nh5 Qg5 29. g4 Rg6 30. Qg3 Bd6 31. Qxd6 Qxg4+ 32. Ng3 Qxe2 0-1

[Event "POR-chT"]
[Site "Porto"]
[Date "2015.08.16"]
[Round "1.3"]
[White "Figuero Toro, Julian Francisco"]
[Black "Gonzalez Perez, Arian"]
[Result "0-1"]
[WhiteElo "2204"]
[BlackElo "2440"]
[PlyCount "106"]
[EventDate "2015.08.16"]
[EventType "team-tourn"]
[EventRounds "9"]
[EventCountry "POR"]
[SourceTitle "EXT 2016"]
[Source "ChessBase"]
[SourceDate "2015.10.08"]
[SourceVersion "1"]
[SourceVersionDate "2015.10.08"]
[SourceQuality "1"]
[WhiteTeam "Montemor o Velho"]
[BlackTeam "Dias Ferreira"]
[WhiteTeamCountry "POR"]
[BlackTeamCountry "POR"]

1. e4 e5 2. Nf3 Nc6 3. Bc4 Bc5 4. c3 Nf6 5. d3 a6 6. Bb3 Ba7 7. Nbd2 d6 8. Nc4 0-0 9. Bg5 Be6 10. Ne3 h6 11. Bh4 Bxe3 12. fxe3 Nb8 13. Bxe6 fxe6 14. Qb3 Qc8 15. Bxf6 Rxf6 16. 0-0 Nd7 17. Rf2 c5 18. c4 Qc6 19. Raf1 b5 20. Nd2 Rxf2 21. Rxf2 Nf8 22. Qd1 Qe8 23. Qg4 Rb8 24. b3 Kh7 25. Qf3 Kg8 26. Qg4 Qe7 27. Nf1 bxc4 28. dxc4 Nh7 29. Ng3 Nf6 30. Qd1 Rd8 31. Rd2 Qc7 32. h3 Qc6 33. Kh2 g6 34. Qf3 Kg7 35. Rf2 Rf8 36. Kg1 h5 37. Qd1 Rf7 38. Rf3 Rd7 39. Qf1 Nh7 40. Qf2 h4 41. Nf1 Qxe4 42. Nd2 Qd3 43. Nf1 e4 44. Rf4 g5 45. Rg4 Rf7 46. Qe1 Rxf1+ 47. Qxf1 Qxe3+ 48. Qf2 Qxf2+ 49. Kxf2 Nf6 50. Rxg5+ Kh6 51. Rg4 Nxg4+ 52. hxg4 Kg5 53. Ke3 Kxg4 0-1

[Event "POR CupT 1/8f-1/4f"]
[Site "Madeira, Torres Novas"]
[Date "2015.05.24"]
[Round "4.3"]
[White "Figuero Toro, Julian Francisco"]
[Black "Fernandes, Tiago Saraiva"]
[Result "1-0"]
[WhiteElo "2239"]
[BlackElo "1693"]
[PlyCount "83"]
[EventDate "2015.05.23"]
[EventType "team-k.o."]
[EventRounds "6"]
[EventCountry "POR"]
[SourceTitle "EXT 2018"]
[Source "ChessBase"]
[SourceDate "2017.10.13"]
[SourceVersion "1"]
[SourceVersionDate "2017.10.13"]
[SourceQuality "1"]
[WhiteTeam "Montemor o Velho"]
[BlackTeam "Clube dos Galitos II"]
[WhiteTeamCountry "POR"]
[BlackTeamCountry "POR"]

1. g3 Nf6 2. Bg2 g6 3. e4 c5 4. Nc3 Nc6 5. d3 Bg7 6. Nge2 0-0 7. 0-0 d6 8. h3 Rb8 9. f4 Qc7 10. g4 e6 11. f5 b5 12. g5 Nd7 13. f6 Bh8 14. Ng3 b4 15. Nce2 Bb7 16. Be3 Nde5 17. b3 a5 18. d4 cxd4 19. Nxd4 Ba6 20. Rf2 Nxd4 21. Qxd4 Nc6 22. Qd2 Rfd8 23. Ne2 Rd7 24. Rc1 Rbd8 25. c4 Bb7 26. Nf4 Ra8 27. Nd5 exd5 28. cxd5 Rdd8 29. dxc6 Ba6 30. Qd4 Bb5 31. h4 Ra6 32. Rfc2 Rb8 33. Qd5 a4 34. Bf4 Rbb6 35. Bxd6 Qc8 36. e5 axb3 37. axb3 Ra7 38. Qc5 Raa6 39. c7 Bd7 40. Qf2 Be6 41. Be7 Bxb3 42. Rd2 1-0

[Event "Lisbon Christmas op"]
[Site "Lisbon"]
[Date "2014.12.29"]
[Round "7"]
[White "Dias, Ricardo Pedro Cruz"]
[Black "Figuero Toro, Julian Francisco"]
[Result "0-1"]
[WhiteElo "1617"]
[BlackElo "2233"]
[PlyCount "84"]
[EventDate "2014.12.26"]
[EventType "swiss"]
[EventRounds "9"]
[EventCountry "POR"]
[SourceTitle "EXT 2018"]
[Source "ChessBase"]
[SourceDate "2017.10.13"]
[SourceVersion "1"]
[SourceVersionDate "2017.10.13"]
[SourceQuality "1"]

1. e4 g6 2. d4 Bg7 3. Nc3 c5 4. Nf3 cxd4 5. Nxd4 Nc6 6. Be3 Nf6 7. Bc4 Qa5 8. 0-0 0-0 9. Bb3 d6 10. h3 Bd7 11. f4 Qh5 12. Qxh5 Nxh5 13. Rad1 Nxd4 14. Bxd4 Bc6 15. Bxg7 Kxg7 16. Bd5 Rfc8 17. Rd2 Bxd5 18. Nxd5 Kf8 19. b3 e6 20. Nb4 a5 21. Nd3 b5 22. Kf2 Nf6 23. Re1 d5 24. exd5 Nxd5 25. Ne5 Rc3 26. g3 Rac8 27. Ree2 h5 28. h4 Kg7 29. Nd3 Ne7 30. Ne5 Nf5 31. Rd7 R8c7 32. Rxc7 Rxc7 33. c4 f6 34. Nf3 bxc4 35. bxc4 Kf7 36. Rc2 Rc5 37. a4 Ke7 38. Nd2 Nd6 39. Ke3 e5 40. Ne4 Rxc4 41. Rxc4 Nxc4+ 42. Kd3 Nb2+ 0-1

[Event "Lisbon Christmas op"]
[Site "Lisbon"]
[Date "2014.12.28"]
[Round "4"]
[White "Figuero Toro, Julian Francisco"]
[Black "Ferreira, Jorge Viterbo"]
[Result "0-1"]
[WhiteElo "2233"]
[BlackElo "2413"]
[PlyCount "68"]
[EventDate "2014.12.26"]
[EventType "swiss"]
[EventRounds "9"]
[EventCountry "POR"]
[SourceTitle "CBM 164 Extra"]
[Source "ChessBase"]
[SourceDate "2015.03.02"]
[SourceVersion "1"]
[SourceVersionDate "2015.03.02"]
[SourceQuality "1"]

1. e4 c6 2. d4 d5 3. exd5 cxd5 4. Bd3 Nc6 5. c3 Qc7 6. h3 Nf6 7. Nf3 g6 8. Be3 Bg7 9. Qc1 Bf5 10. Bxf5 gxf5 11. Bf4 Qb6 12. Qc2 e6 13. Nbd2 Qa6 14. a3 Ne4 15. Nf1 Rc8 16. Qe2 Qxe2+ 17. Kxe2 Na5 18. N1d2 h5 19. Nxe4 fxe4 20. Nd2 Kd7 21. Rag1 Nc6 22. Nf1 Ne7 23. Ne3 Ng6 24. Bh2 f5 25. f3 f4 26. Nc2 h4 27. fxe4 dxe4 28. Rd1 Rh5 29. Rhe1 Rb5 30. Kd2 Rxb2 31. Rxe4 Bh6 32. Rf1 f3+ 33. Kd3 Rb3 34. Rg4 Rcxc3+ 0-1

[Event "POR-chT"]
[Site "Caldas da Rainha"]
[Date "2014.08.23"]
[Round "9.5"]
[White "Figuero Toro, Julian Francisco"]
[Black "Padeiro, Jose Joao Tato"]
[Result "1/2-1/2"]
[WhiteElo "2220"]
[BlackElo "2353"]
[PlyCount "57"]
[EventDate "2014.08.17"]
[EventType "team-tourn"]
[EventRounds "9"]
[EventCountry "POR"]
[SourceTitle "CBM 161 Extra"]
[Source "ChessBase"]
[SourceDate "2014.08.29"]
[SourceVersion "1"]
[SourceVersionDate "2014.08.29"]
[SourceQuality "1"]
[WhiteTeam "Montemor o Velho"]
[BlackTeam "Mata de Benfica"]
[WhiteTeamCountry "POR"]
[BlackTeamCountry "POR"]

1. e4 c6 2. d4 d5 3. exd5 cxd5 4. Bd3 Nc6 5. c3 Nf6 6. Bf4 g6 7. h3 Bg7 8. Nf3 0-0 9. Nbd2 a6 10. Bh2 b5 11. Ne5 Qb6 12. Nxc6 Qxc6 13. a3 Nd7 14. Nf3 f6 15. a4 bxa4 16. Qxa4 Qe6+ 17. Kd1 Qb6 18. Qa2 Bb7 19. Qa5 Rfe8 20. Qxb6 Nxb6 21. Re1 Kf7 22. Re2 Rec8 23. Kc2 a5 24. Rae1 Bf8 25. Bf4 a4 26. Bh6 Rc7 27. Bf4 Rcc8 28. Bh6 Rc7 29. Bf4 1/2-1/2

[Event "POR-chT"]
[Site "Caldas da Rainha"]
[Date "2014.08.18"]
[Round "3.2"]
[White "Figuero Toro, Julian Francisco"]
[Black "Morais, Vitor Mestre"]
[Result "1/2-1/2"]
[WhiteElo "2220"]
[BlackElo "1948"]
[PlyCount "92"]
[EventDate "2014.08.17"]
[EventType "team-tourn"]
[EventRounds "9"]
[EventCountry "POR"]
[SourceTitle "CBM 161 Extra"]
[Source "ChessBase"]
[SourceDate "2014.08.29"]
[SourceVersion "1"]
[SourceVersionDate "2014.08.29"]
[SourceQuality "1"]
[WhiteTeam "Montemor o Velho"]
[BlackTeam "EDP"]
[WhiteTeamCountry "POR"]
[BlackTeamCountry "POR"]

1. e4 d5 2. exd5 Qxd5 3. Nc3 Qd6 4. d4 Nf6 5. Nf3 a6 6. Bd3 Bg4 7. 0-0 Nc6 8. Ne4 Nxe4 9. Bxe4 e6 10. c3 Be7 11. Qa4 Bxf3 12. Bxf3 b5 13. Qa3 Qd7 14. Qb3 Rd8 15. a4 0-0 16. axb5 axb5 17. Ra6 Nb8 18. Ra5 c6 19. Be3 Bd6 20. Rfa1 Qe7 21. Ra7 Rd7 22. Rxd7 Qxd7 23. Qa2 Rc8 24. Qa7 Qe8 25. Qb7 h6 26. Ra8 Kh7 27. g3 Rd8 28. Qb6 Qd7 29. Ra7 Qe8 30. Be4+ Kg8 31. Bf3 Kh7 32. Ra8 Qd7 33. Qa7 Qe8 34. Qa5 Rc8 35. Qb6 Qe7 36. Be4+ g6 37. Qa7 Qe8 38. Qb7 Kg7 39. Qb6 Qd7 40. Qa5 Qe8 41. Qb6 Qd7 42. Ra7 Qe8 43. Ra8 Qd7 44. Qa5 Qe8 45. Qb6 Qd7 46. Qa7 Qd8 1/2-1/2